Largest Cities in Piedmont - Statistics

General Stats
  • This quiz has been taken 81 times
  • The average score is 9 of 15
Answer Stats
Population City % Correct
890,529 Turin
100%
76,202 Asti
93%
93,943 Alessandria
92%
104,380 Novara
92%
56,081 Cuneo
83%
46,754 Vercelli
70%
44,733 Biella
63%
57,294 Moncalieri
58%
47,669 Settimo Torinese
40%
35,808 Pinerolo
38%
48,791 Rivoli
37%
48,123 Nichelino
35%
36,595 Chieri
33%
49,905 Collegno
33%
37,966 Grugliasco
32%
No matching quizzes found
Score Distribution
Percent of People with Each Score
Percentile by Number Answered
Your Score History
You have not taken this quiz